000 00717cam a22002533a 4500
001 25024
003 PGUSA
005 20140828083534.0
008 080409s2008||||xxu|||||s|||||000 1 eng d
040 _aPGUSA
_beng
042 _adc
050 4 _aPS
100 1 _aLeiber, Fritz,
_d1910-1992
245 1 4 _aThe Night of the Long Knives
_h[electronic resource] /
_cFritz Leiber
260 _bProject Gutenberg,
_c2008
506 _aPublic domain in the USA.
516 _aElectronic text
653 _aDystopias -- Fiction
653 _aScience fiction, American
700 1 _aFinlay, Virgil,
_d1914-1971
830 0 _aProject Gutenberg
_v25024
856 4 0 _uhttp://www.gutenberg.org/ebooks/25024
942 _cEB
999 _c254279
_d254279